000 00675cam a22002533a 4500
001 29662
003 PGUSA
005 20140828083636.0
008 090810s2009||||xxu|||||s|||||000 1 eng d
040 _aPGUSA
_beng
042 _adc
050 4 _aPS
100 1 _aLeiber, Fritz,
_d1910-1992
245 1 4 _aThe Moon is Green
_h[electronic resource] /
_cFritz Leiber
260 _bProject Gutenberg,
_c2009
506 _aPublic domain in the USA.
516 _aElectronic text
653 _aScience fiction
653 _aShort stories
700 1 _aStone, David
830 0 _aProject Gutenberg
_v29662
856 4 0 _uhttp://www.gutenberg.org/ebooks/29662
942 _cEB
999 _c258917
_d258917